000 00441nam a2200133Ia 4500
008 210430s9999 xx 000 0 und d
020 _a0-8247-1933-6
082 _a660.39 M239 S
100 _aJames A. Schwarz, Cristian I. Contescu
_9127092
245 _aSurfaces of Nanoparticles and Porous Materials /
_cMartin J.Schick
_b(Surfactant science series V-78)
260 _aNew york
_bP.Somasundaran
_c1999
300 _a787p
942 _cBK
_2ddc
999 _c561830
_d561830